00544nas a2200229 4500000000100000008004100001260001300042653001800055653001200073653001700085653002600102653002600128653002200154653001100176653001200187653001900199653001300218245005200231300001000283490000700293022001400300 1973 d c1973 Jun10aBone Diseases10aDenmark10aFacial Bones10aHistory, 16th Century10aHistory, 20th Century10aHistory, Medieval10aHumans10aleprosy10aPaleopathology10aSyndrome00a[70th birthday of Vilhelm Moeller-Christensen]. a273-40 v24 a0017-8470